مجموعة المبادئ القانونية لمحكمة التمييز في القضايا الجزائية المنشوره في مجلة نقابة المحامين منذ بداية سنة 1988 حتى بداية سنة 1993 / (رقم التسجيلة. 6149)

تفاصيل مارك
000 -LEADER
fixed length control field 00684nam a22001817a 4500
005 - DATE AND TIME OF LATEST TRANSACTION
control field 20251108164210.0
008 - FIXED-LENGTH DATA ELEMENTS--GENERAL INFORMATION
fixed length control field 250721s1993 xx 000 0 ara d
082 14 - DEWEY DECIMAL CLASSIFICATION NUMBER
Classification number 343.09565/جما
100 1# - MAIN ENTRY--PERSONAL NAME
Personal name مدغمش، جمال
245 10 - TITLE STATEMENT
Title مجموعة المبادئ القانونية لمحكمة التمييز في القضايا الجزائية المنشوره في مجلة نقابة المحامين منذ بداية سنة 1988 حتى بداية سنة 1993 /
264 1# - PRODUCTION, PUBLICATION, DISTRIBUTION, MANUFACTURE, AND COPYRIGHT NOTICE
Place of production, publication, distribution, manufacture عمان :
Date of production, publication, distribution, manufacture, or copyright notice 1993.
650 17 - SUBJECT ADDED ENTRY--TOPICAL TERM
Topical term or geographic name as entry element القانون الجنائي
650 17 - SUBJECT ADDED ENTRY--TOPICAL TERM
Topical term or geographic name as entry element الأردن
650 17 - SUBJECT ADDED ENTRY--TOPICAL TERM
Topical term or geographic name as entry element القوانين
700 1# - ADDED ENTRY--PERSONAL NAME
Personal name مناجره، محمد
942 ## - ADDED ENTRY ELEMENTS (KOHA)
Source of classification or shelving scheme Dewey Decimal Classification
Koha item type كتب
المقتنيات
حالة السحب حالة الفقدان مصدر التصنيف حالة التلف غير قابل للإعارة المكتبة الرئيسية المكتبة الحالية موقع الرف تاريخ التزويد الرقم المتسلسل Total Checkouts رقم الإستدعاء تاريخ آخر ظهور تاريخ الفاتورة نوع المادة (كوها) الباركود
    Dewey Decimal Classification     المكتبة المركزية المكتبة المركزية الإعارة 06/07/2004 4932   343.09565/جما 28/07/2025 06/07/2004 كتب 4932
    Dewey Decimal Classification Unchecked   مكتبة الاميرة بديعة مكتبة الاميرة بديعة الإعارة 06/07/2004 3198   343.09565/جما 28/07/2025 06/07/2004 كتب  
    Dewey Decimal Classification Unchecked   مكتبة الجويدة مكتبة الجويدة الإعارة 06/07/2004 2910   343.09565/جما 28/07/2025 06/07/2004 كتب  
    Dewey Decimal Classification     مكتبة صويلح العامة مكتبة صويلح العامة الإعارة 14/04/2019 {6232}   343.09565/جما 28/07/2025 14/04/2019 كتب PLD00449438
    Dewey Decimal Classification Unchecked   مكتبة وادي السير العامة مكتبة وادي السير العامة الإعارة 06/07/2004 3598   343.09565/جما 28/07/2025 06/07/2004 كتب  
Implemented & Customized by: BBB with SCIT (Smart Chains for Information Technology)

Powered by Koha